UBT Library

WORKING THE COLEGE ACCOUTING (Record no. 38289)

000 -LEADER
fixed length control field 00315nam a22001337a 4500
008 - FIXED-LENGTH DATA ELEMENTS--GENERAL INFORMATION
fixed length control field 171122b xxu||||| |||| 00| 0 eng d
020 ## - INTERNATIONAL STANDARD BOOK NUMBER
International Standard Book Number 9780395797044
041 ## - LANGUAGE CODE
Language code of text/sound track or separate title eng
080 ## - UNIVERSAL DECIMAL CLASSIFICATION NUMBER
Edition identifier 6 ED
Universal Decimal Classification number 330.722.6
100 ## - Rafti
Rafti 62
101 ## - Shkurtesa
Shkurtesa KON
245 ## - TITLE STATEMENT
Title WORKING THE COLEGE ACCOUTING
Statement of responsibility, etc BILLE.P.A
942 ## - ADDED ENTRY ELEMENTS (KOHA)
Source of classification or shelving scheme
Item type Books

No items available.

UBT Library © 2015-2024. All rights reserved University Education for Business and Technology